El fantasma de palacio
Guardat en:
| Autor principal: | |
|---|---|
| Format: | Llibre |
| Idioma: | espanyol |
| Publicat: |
Madrid
SM
1993
|
| Edició: | 16a. ed |
| Col·lecció: | El Barco de Vapor, 5
|
| Matèries: | |
| Etiquetes: |
Afegir etiqueta
Sense etiquetes, Sigues el primer a etiquetar aquest registre!
|
MARC
| LEADER | 00000nam a2200000 a 4500 | ||
|---|---|---|---|
| 001 | UCH9760 | ||
| 003 | CL-VaPUC | ||
| 008 | 100121e19930900SP |||||||||||||||||spa|d | ||
| 020 | |a 843481174X | ||
| 082 | 0 | 4 | |a 808.0683 |b LOB |2 21 |
| 100 | |a Lobe, Mira |e autora |9 547022 | ||
| 245 | 1 | 3 | |a El fantasma de palacio |
| 250 | |a 16a. ed | ||
| 300 | |a 79 p | ||
| 942 | |c BK | ||
| 945 | |d 20100121 00:00:00 |a dcastane | ||
| 260 | |a Madrid |b SM |c 1993 | ||
| 650 | 0 | |a Literatura austríaca |9 334012 | |
| 650 | 7 | |a CUENTOS AUSTRIACOS |2 CL-VaPUC |9 541875 | |
| 650 | 0 | |a Cuentos infantiles |9 308044 | |
| 583 | |a last modification |c 20100121 00:00:00 |k Rodrigo Vera | ||
| 490 | 0 | |a El Barco de Vapor, 5 | |
| 999 | |c 339650 |d 339648 | ||